Statistiques concernant Pays du monde utilisant une carte de points

Cliquez ici pour prendre le quiz!

Statistiques générales

  • Ce quiz a été pris 222 fois
  • Le résultat moyen est 155 sur 196

Réponses sur la Carte

Les réponses sont colorées sur une échelle allant du rouge au vert en fonction du pourcentage des utilisateurs qui les ont devinées à leur premier essai. Vous pouvez retrouver ces pourcentages ci-dessous.
 

Statistiques - réponses

pays% Correct
France
95%
Islande
94%
Canada
93%
Espagne
93%
Etats-Unis
93%
Russie
93%
Suède
93%
Irlande
92%
Portugal
92%
Algérie
91%
Chine
91%
Norvège
91%
Allemagne
90%
Argentine
90%
Brésil
90%
Danemark
90%
Finlande
90%
Japon
90%
Maroc
90%
Mexique
90%
Pays-Bas
90%
Suisse
90%
Belgique
89%
Pérou
89%
Royaume-Uni
89%
Australie
88%
Chili
88%
Cuba
88%
Grèce
88%
Italie
88%
Paraguay
88%
Tunisie
88%
Turquie
88%
Uruguay
88%
Andorre
87%
Luxembourg
87%
Monaco
87%
Pologne
87%
Afrique du Sud
86%
Albanie
86%
Bolivie
86%
Colombie
86%
Corée du Sud
86%
Estonie
86%
Hongrie
86%
Inde
86%
Lettonie
86%
Lituanie
86%
Malte
86%
Slovaquie
86%
Slovénie
86%
Arabie Saoudite
85%
Autriche
85%
Biélorussie
85%
Chypre
85%
Équateur
85%
Roumanie
85%
Ukraine
85%
Corée du Nord
84%
Irak
84%
Iran
84%
Libye
84%
Madagascar
84%
Mali
84%
Mongolie
84%
Oman
84%
Émirats arabes unis
83%
Monténégro
83%
Tchéquie
83%
Bosnie Herzégovine
82%
Bulgarie
82%
Croatie
82%
Égypte
82%
Haïti
82%
Indonésie
82%
Israël
82%
Panama
82%
Serbie
82%
Vatican
82%
Liechtenstein
81%
Nouvelle-Zélande
81%
Qatar
81%
République démocratique
du Congo
81%
Saint-Marin
81%
Yémen
81%
Belize
80%
Costa Rica
80%
Guinée
80%
Honduras
80%
Jamaïque
80%
Kosovo
80%
Macédoine
80%
Nicaragua
80%
Niger
80%
Syrie
80%
Venezuela
80%
Bahamas
79%
Liban
79%
Moldavie
79%
Népal
79%
Suriname
79%
Afghanistan
78%
Congo
78%
Guatemala
78%
Guyana
78%
Laos
78%
Lesotho
78%
Mauritanie
78%
Nigeria
78%
République dominicaine
78%
Thaïlande
78%
Togo
78%
Barbade
77%
Cambodge
77%
Jordanie
77%
Koweït
77%
Salvador
77%
Arménie
76%
Bhoutan
76%
Géorgie
76%
Guinée-Bissau
76%
Kenya
76%
Pakistan
76%
Sénégal
76%
Tanzanie
76%
Viêt Nam
76%
Angola
75%
Azerbaïdjan
75%
Côte d'Ivoire
75%
Namibie
75%
Ouzbékistan
75%
Sainte-Lucie
75%
Birmanie
74%
Cabo Verde
74%
Éthiopie
74%
Kazakhstan
74%
Malaisie
74%
Mozambique
74%
Philippines
74%
Somalie
74%
Taïwan
74%
Antigua-et-Barbuda
73%
Bahreïn
73%
Bangladesh
73%
Bénin
73%
Burkina Faso
73%
Dominique
73%
Érythrée
73%
Ghana
73%
Guinée équatoriale
73%
Liberia
73%
Saint-Christophe-
et-Niévès
73%
Seychelles
73%
Tchad
73%
Fidji
72%
Gabon
72%
Brunei
71%
Comores
71%
Djibouti
71%
Gambie
71%
Grenade
71%
Île Maurice
71%
Maldives
71%
Sierra Leone
71%
Soudan
71%
Sri Lanka
71%
Trinité-et-Tobago
71%
Zimbabwe
71%
Rwanda
70%
Turkménistan
70%
Zambie
70%
Singapour
69%
Soudan du Sud
69%
Botswana
68%
Cameroun
68%
Micronésie
68%
Nauru
68%
Saint-Vincent-et-
les-Grenadines
68%
Ouganda
67%
République Centrafricaine
67%
Tonga
67%
Malawi
66%
Swaziland
65%
Tadjikistan
65%
Burundi
64%
Îles Marshall
64%
Kirghizistan
64%
Papouasie-
Nouvelle-Guinée
64%
Samoa
64%
Timor-Leste
63%
Kiribati
62%
Palaos
62%
Vanuatu
62%
Sao Tomé-et-Principe
61%
Tuvalu
61%
Salomon
59%

Distribution des résultats

Percentile par nombre de réponses

% des personnes avec chaque résultat

Votre développement - résultats

Vous n’avez pas pris ce quiz